<?xml version="1.0" encoding="UTF-8"?>
<record
    xmlns:xsi="http://www.w3.org/2001/XMLSchema-instance"
    xsi:schemaLocation="http://www.loc.gov/MARC21/slim http://www.loc.gov/standards/marcxml/schema/MARC21slim.xsd"
    xmlns="http://www.loc.gov/MARC21/slim">

  <leader>05068njm a2200661Ia 4500</leader>
  <controlfield tag="001">40459</controlfield>
  <controlfield tag="003">IT-RoPAU</controlfield>
  <controlfield tag="005">20220918181138.0</controlfield>
  <controlfield tag="008">131025s9999    xx            000 0 und d</controlfield>
  <datafield tag="040" ind1=" " ind2=" ">
    <subfield code="a">IT-RoPAU</subfield>
  </datafield>
  <datafield tag="040" ind1=" " ind2=" ">
    <subfield code="c">IT-RoPAU</subfield>
  </datafield>
  <datafield tag="999" ind1=" " ind2=" ">
    <subfield code="c">101089</subfield>
    <subfield code="d">101089</subfield>
  </datafield>
  <datafield tag="999" ind1=" " ind2=" ">
    <subfield code="b">n.d.</subfield>
  </datafield>
  <datafield tag="100" ind1=" " ind2=" ">
    <subfield code="a">AA.VV.</subfield>
    <subfield code="9">794</subfield>
  </datafield>
  <datafield tag="100" ind1=" " ind2=" ">
    <subfield code="e">Autore musica</subfield>
    <subfield code="9">21576</subfield>
  </datafield>
  <datafield tag="100" ind1=" " ind2=" ">
    <subfield code="g">Codice autore musica SPICS: 12000</subfield>
    <subfield code="9">796</subfield>
  </datafield>
  <datafield tag="245" ind1=" " ind2=" ">
    <subfield code="a">Jazz. Gli uomini, gli strumenti, gli stili 53</subfield>
  </datafield>
  <datafield tag="250" ind1=" " ind2=" ">
    <subfield code="a">2a ed.</subfield>
  </datafield>
  <datafield tag="260" ind1=" " ind2=" ">
    <subfield code="a">MILANO</subfield>
  </datafield>
  <datafield tag="260" ind1=" " ind2=" ">
    <subfield code="b">FRATELLI FABBRI EDITORI</subfield>
    <subfield code="c">1987 [1a Ed.:1987]</subfield>
  </datafield>
  <datafield tag="300" ind1=" " ind2=" ">
    <subfield code="a">MUSICASSETTA</subfield>
  </datafield>
  <datafield tag="300" ind1=" " ind2=" ">
    <subfield code="c">42 minuti (Testo:  pag.)</subfield>
  </datafield>
  <datafield tag="500" ind1=" " ind2=" ">
    <subfield code="a">Musica jazz</subfield>
  </datafield>
  <datafield tag="505" ind1=" " ind2=" ">
    <subfield code="a">I Want A Little Girl [(New York, 1938) (3:00)] - Dickie's Dream [(New York, 5.11.1939) (3:00)] - Three Little Words [(New York, 28.3.1944) (4:00)] - I Got Rhythm (4:00) - Basie English [(New York, 18.4.1944) (3:00)] - Indiana [(New York, 1.5.1944) (3:00)] - These Foolish Things [(Los Angeles, ottobre 1945) (4:00)] - I Want To Be Happy [(Los Angeles, dicembre 1945) (4:00)] - Lover Come Back To Me [(Los Angeles, febbraio 1946) (3:00)] - Lester's Be Pop [(Los Angeles, agosto 1946) (4:00)] - Something To Remember You By [(New York, 29.12.1948) (3:00)] - Crazy Over [(New York, 28.6.1949) (3:00)]</subfield>
  </datafield>
  <datafield tag="511" ind1=" " ind2=" ">
    <subfield code="a">Clayton Buck: tr; Durham Eddie: tbne, chit; Young Lester: cl; Green Freddie: chit; Page Walter: cb; Jones Jo: batt; Lester Young and His Kansas City Five</subfield>
  </datafield>
  <datafield tag="511" ind1=" " ind2=" ">
    <subfield code="a">Clayton Buck: tr; Wells Dicky: tbne; Young Lester: ten; Basie Count: p; Green Freddie: chit; Page Walter: cb; Jones Jo: batt; Count Basie's Kansas City Seven</subfield>
  </datafield>
  <datafield tag="511" ind1=" " ind2=" ">
    <subfield code="a">Coleman Bill: tr; Wells Dicky: tbne; Young Lester: ten; Bushkin Joe: p; Simmons John: cb; Jones Jo: batt; The Kansas City Six With Lester Young</subfield>
  </datafield>
  <datafield tag="511" ind1=" " ind2=" ">
    <subfield code="a">Butterfield Billy: tr; D'Amico Hank: cl; Young Lester: ten; Guarnieri Johnny: p; Hall Dexter: chit; Taylor Billy: cb; Cole Cozy: batt; Lester Young Septet</subfield>
  </datafield>
  <datafield tag="511" ind1=" " ind2=" ">
    <subfield code="a">Young Lester: ten; Basie Count: p; Green Freddie: chit; Richardson Rodney: cb; Wilson Shadow: batt; Lester Young Quintet</subfield>
  </datafield>
  <datafield tag="511" ind1=" " ind2=" ">
    <subfield code="a">Dickenson Vic: tbne; Young Lester: ten; Marmarosa Dodo: p; Green Freddie: chit; Callender Red: cb; Tucker Henry: batt; Lester Young and His Group</subfield>
  </datafield>
  <datafield tag="511" ind1=" " ind2=" ">
    <subfield code="a">Young Lester: ten; King Cole Nat: p; Rich Buddy: batt; Lester Young Trio</subfield>
  </datafield>
  <datafield tag="511" ind1=" " ind2=" ">
    <subfield code="a">McGhee Howard: tr; Dickenson Vic: tbne; Smith Willie: alto; Young Lester: ten; Jones Wesly: p; Counce Curtis: cb; Otis Johnny: batt; Lester Young and His Men</subfield>
  </datafield>
  <datafield tag="511" ind1=" " ind2=" ">
    <subfield code="a">Young Lester: ten; Albany Joe: p; Ashby Irving: chit; Callender Red: cb; Hamilton Chico: batt; Lester Young Quintet</subfield>
  </datafield>
  <datafield tag="511" ind1=" " ind2=" ">
    <subfield code="a">Young Lester: ten; Di Novi Gene: p; Wayne Chuck: chit; Russell Curney: cb; Kahn Tiny: batt; Lester Young Quintet</subfield>
  </datafield>
  <datafield tag="511" ind1=" " ind2=" ">
    <subfield code="a">Drake Jesse: tr; Elliot Jerry: tbne; Young Lester: ten; Mance Junior: p; Jakson Leroy: cb; Haynes Roy: batt; Lester Young Sextet</subfield>
  </datafield>
  <datafield tag="650" ind1=" " ind2=" ">
    <subfield code="a">JAZZ [CASSETTE]</subfield>
    <subfield code="e">Codice MATERIA SPICS: 9951</subfield>
    <subfield code="9">1831</subfield>
  </datafield>
  <datafield tag="700" ind1=" " ind2=" ">
    <subfield code="a">Young Lester</subfield>
    <subfield code="d">Codice interprete SPICS: 13036</subfield>
    <subfield code="e">Interprete</subfield>
    <subfield code="9">21577</subfield>
  </datafield>
  <datafield tag="700" ind1=" " ind2=" ">
    <subfield code="a">Moll</subfield>
    <subfield code="d">Codice autore musica SPICS: 20288</subfield>
    <subfield code="e">Autore musica</subfield>
    <subfield code="p">I Want A Little Girl</subfield>
    <subfield code="9">21578</subfield>
  </datafield>
  <datafield tag="700" ind1=" " ind2=" ">
    <subfield code="a">Mencher</subfield>
    <subfield code="d">Codice autore SPICS: 20289</subfield>
    <subfield code="e">Autore</subfield>
    <subfield code="p">I Want A Little Girl</subfield>
    <subfield code="9">21579</subfield>
  </datafield>
  <datafield tag="700" ind1=" " ind2=" ">
    <subfield code="a">Basie Count</subfield>
    <subfield code="d">Codice autore musica SPICS: 10545</subfield>
    <subfield code="e">Autore musica</subfield>
    <subfield code="p">Dickie's Dream</subfield>
    <subfield code="9">21580</subfield>
  </datafield>
  <datafield tag="700" ind1=" " ind2=" ">
    <subfield code="a">Young Lester</subfield>
    <subfield code="d">Codice autore SPICS: 13036</subfield>
    <subfield code="e">Autore</subfield>
    <subfield code="p">Dickie's Dream - Lester's Be Pop - Crazy Over</subfield>
    <subfield code="9">21581</subfield>
  </datafield>
  <datafield tag="700" ind1=" " ind2=" ">
    <subfield code="a">Kalmar</subfield>
    <subfield code="d">Codice autore musica SPICS: 20290</subfield>
    <subfield code="e">Autore musica</subfield>
    <subfield code="p">Three Little Words</subfield>
    <subfield code="9">21582</subfield>
  </datafield>
  <datafield tag="700" ind1=" " ind2=" ">
    <subfield code="a">Ruby</subfield>
    <subfield code="d">Codice autore SPICS: 19973</subfield>
    <subfield code="e">Autore</subfield>
    <subfield code="p">Three Little Words</subfield>
    <subfield code="9">21583</subfield>
  </datafield>
  <datafield tag="700" ind1=" " ind2=" ">
    <subfield code="a">Gershwin George</subfield>
    <subfield code="d">Codice autore musica SPICS: 10668</subfield>
    <subfield code="e">Autore musica</subfield>
    <subfield code="p">I Got Rhythm</subfield>
    <subfield code="9">21584</subfield>
  </datafield>
  <datafield tag="700" ind1=" " ind2=" ">
    <subfield code="a">Guarnieri Johnny</subfield>
    <subfield code="d">Codice autore musica SPICS: 20291</subfield>
    <subfield code="e">Autore musica</subfield>
    <subfield code="p">Basie English</subfield>
    <subfield code="9">21585</subfield>
  </datafield>
  <datafield tag="700" ind1=" " ind2=" ">
    <subfield code="a">Balard</subfield>
    <subfield code="d">Codice autore musica SPICS: 20292</subfield>
    <subfield code="e">Autore musica</subfield>
    <subfield code="p">Indiana</subfield>
    <subfield code="9">21586</subfield>
  </datafield>
  <datafield tag="700" ind1=" " ind2=" ">
    <subfield code="a">McDonald</subfield>
    <subfield code="d">Codice autore SPICS: 20293</subfield>
    <subfield code="e">Autore</subfield>
    <subfield code="p">Indiana</subfield>
    <subfield code="9">21587</subfield>
  </datafield>
  <datafield tag="700" ind1=" " ind2=" ">
    <subfield code="a">Hanley</subfield>
    <subfield code="d">Codice autore testo/musica SPICS: 20294</subfield>
    <subfield code="e">Autore testo/musica</subfield>
    <subfield code="p">Indiana</subfield>
    <subfield code="9">21588</subfield>
  </datafield>
  <datafield tag="700" ind1=" " ind2=" ">
    <subfield code="a">Link</subfield>
    <subfield code="d">Codice autore musica SPICS: 20295</subfield>
    <subfield code="e">Autore musica</subfield>
    <subfield code="p">These Foolish Things</subfield>
    <subfield code="9">21589</subfield>
  </datafield>
  <datafield tag="700" ind1=" " ind2=" ">
    <subfield code="a">Tracey William</subfield>
    <subfield code="d">Codice autore SPICS: 20296</subfield>
    <subfield code="e">Autore</subfield>
    <subfield code="p">These Foolish Things</subfield>
    <subfield code="9">21590</subfield>
  </datafield>
  <datafield tag="700" ind1=" " ind2=" ">
    <subfield code="a">Marvell</subfield>
    <subfield code="d">Codice autore testo/musica SPICS: 20297</subfield>
    <subfield code="e">Autore testo/musica</subfield>
    <subfield code="p">These Foolish Things</subfield>
    <subfield code="9">21591</subfield>
  </datafield>
  <datafield tag="700" ind1=" " ind2=" ">
    <subfield code="a">Youmans Vincent</subfield>
    <subfield code="d">Codice autore musica SPICS: 16157</subfield>
    <subfield code="e">Autore musica</subfield>
    <subfield code="p">I Want To Be Happy</subfield>
    <subfield code="9">21592</subfield>
  </datafield>
  <datafield tag="700" ind1=" " ind2=" ">
    <subfield code="a">Caesar Irving</subfield>
    <subfield code="d">Codice autore SPICS: 20298</subfield>
    <subfield code="e">Autore</subfield>
    <subfield code="p">I Want To Be Happy</subfield>
    <subfield code="9">21593</subfield>
  </datafield>
  <datafield tag="700" ind1=" " ind2=" ">
    <subfield code="a">Hammerstein Oscar</subfield>
    <subfield code="d">Codice autore musica SPICS: 15701</subfield>
    <subfield code="e">Autore musica</subfield>
    <subfield code="p">Lover Come Back To Me</subfield>
    <subfield code="9">21594</subfield>
  </datafield>
  <datafield tag="700" ind1=" " ind2=" ">
    <subfield code="a">Romberg Sigmund</subfield>
    <subfield code="d">Codice autore SPICS: 13771</subfield>
    <subfield code="e">Autore</subfield>
    <subfield code="p">Lover Come Back To Me</subfield>
    <subfield code="9">21595</subfield>
  </datafield>
  <datafield tag="700" ind1=" " ind2=" ">
    <subfield code="a">Schwartz A.</subfield>
    <subfield code="d">Codice autore musica SPICS: 15555</subfield>
    <subfield code="e">Autore musica</subfield>
    <subfield code="p">Something To Remember You By</subfield>
    <subfield code="9">21596</subfield>
  </datafield>
  <datafield tag="700" ind1=" " ind2=" ">
    <subfield code="a">Dietz H.</subfield>
    <subfield code="d">Codice autore SPICS: 15554</subfield>
    <subfield code="e">Autore</subfield>
    <subfield code="p">Something To Remember You By</subfield>
    <subfield code="9">21597</subfield>
  </datafield>
  <datafield tag="942" ind1=" " ind2=" ">
    <subfield code="c">MC</subfield>
    <subfield code="2">ddc</subfield>
  </datafield>
  <datafield tag="952" ind1=" " ind2=" ">
    <subfield code="0">0</subfield>
    <subfield code="1">0</subfield>
    <subfield code="4">0</subfield>
    <subfield code="6">40459_000000000000000</subfield>
    <subfield code="7">1</subfield>
    <subfield code="a">SPICS</subfield>
    <subfield code="b">SPICS</subfield>
    <subfield code="d">2013-10-25</subfield>
    <subfield code="l">0</subfield>
    <subfield code="o">40459</subfield>
    <subfield code="r">2013-10-25 00:00:00</subfield>
    <subfield code="w">2013-10-25</subfield>
    <subfield code="y">MC</subfield>
    <subfield code="z">Progr. Ins.: 14256 / N.Vol.: 1 / Copie: 1 - Copia rara: n.d. / date import: 01.01.2014 - By Epidotti, Trombetti, Vaglietti</subfield>
  </datafield>
</record>
